00666nam a2200169 a 450000500170000000800410001702000180005805000180007610000180009424500570011226000390016930000230020852001130023165000170034499900190036195201160038020140412111251.0000823s19uu xx 00 eng d a0-590-04492-3 aTR(PS EbPr91 aRey, Margaret aPretzel /cMargaret Rey ; with pictures by H.A. Rey. aNew York :bScholastic Inc,c1944. a1 v. (unp.) ; ill. aOne day Pretzel began to grow . . . and grow . . . and grow . . . until he was the LONGEST dog in the world! aDogs-Fiction c103159d103159 001040aELbELcTRd2000-08-23eLib. Fundg113.00l0oTR(PS E Pr91pE3939r2014-04-12 00:00:00w2014-04-12yBK